| 000 | 01069nam a2200253 u 4500 | ||
|---|---|---|---|
| 005 | 20210223131250.0 | ||
| 008 | 100422s2008 ag r 000 0 spa d | ||
| 020 | _a9789508022899 (v.1) | ||
| 020 | _a9789508022882 (v.2) | ||
| 035 | _aUPN01000175463 | ||
| 049 | _aCG | ||
| 050 | 4 |
_aHV887 A7.2 _bB6.2 |
|
| 100 | 1 | _aPojomovsky, Julieta | |
| 245 | 1 | 0 |
_aCruzar la calle / _cJulieta Pojomovsky ; colabs. Natalia Cillis, María Florencia Gentile. |
| 260 |
_aBuenos Aires : _bEspacio, _c2008. |
||
| 300 |
_a2 v. : _bil. |
||
| 505 | 8 |
_aContenido: _gv.1. _tNiñez y adolescencia en las calles de la ciudad -- _gv.2. _tVínculos con las instituciones y relaciones de género entre niños, niñas y adolescentes en situacion de calle |
|
| 650 | 4 |
_aNIÑOS DE LA CALLE - _zBUENOS AIRES, AGENTINA _916006 |
|
| 650 | 4 |
_aNIÑOS - _zBUENOS AIRES, ARGENTINA - _xCONDICIONES SOCIALES _916007 |
|
| 650 | 4 |
_aADOLESCENTES - _zBUENOS AIRES, ARGENTINA - _xCONDICIONES SOCIALES _916008 |
|
| 700 | 1 |
_aCillis, Natalia, _ecolab. |
|
| 700 | 1 |
_aGentile, María Florencia, _ecolab. |
|
| 905 | _aLibro | ||
| 999 |
_c147567 _d147567 |
||